Dvojkanálový vzorkovací osciloskop pre laboratórne účely

Guardado en:
Detalles Bibliográficos
Autor principal: Kozinka, Stanislav, 1982- (Autor)
Otros Autores: Brezovič, Zdenko, 1973- (Orientador)
Formato: Manuscrito Libro
Lenguaje:eslovaco
Publicado: Bratislava : STU v Bratislave FEI, 2008
Materias:
Etiquetas: Agregar Etiqueta
Sin Etiquetas, Sea el primero en etiquetar este registro!

MARC

LEADER 00000ntm a22000003a 4500
001 stu176717
005 20150617225608.8
008 081203s2006------------------------slo-d
040 |a STU  |b slo 
041 0 |a slo 
100 1 |a Kozinka, Stanislav,  |d 1982-  |4 aut  |u E230  |U FEI Fakulta elektrotechniky a informatiky  |T FEI Katedra rádioelektroniky  |X 11126  |U E230  |Y 71  |7 A000011126 
245 1 |a Dvojkanálový vzorkovací osciloskop pre laboratórne účely 
260 |a Bratislava :  |b STU v Bratislave FEI,  |c 2008 
300 |a 74 s  |c príl. 
650 7 |a elektronika  |2 stusub 
650 7 |a Rádioelektronika  |2 stusub 
700 1 |a Brezovič, Zdenko,  |d 1973-  |4 ths  |u E030  |U FEI Fakulta elektrotechniky a informatiky  |T FEI Ústav elektroniky a fotoniky  |X 1853  |U E030  |Y 549  |7 A000001853